• 首页
  • 本馆介绍
  • 公告通知
  • 最新文献
  • 馆藏检索
  • 电子资源
  • 读者导购
  • 参考咨询
  • 我的图书馆
  • 登录
  • 详细信息显示
  • 放入我的书架
  • 预约/预借图书
  • 作者相关作品
  • 分类相关作品
  • 丛书相关作品
  • 出版社相关作品

书目信息

  • 表格格式
  • 工作单格式
  • 卡片格式
题名:
大提琴每日练习
    
 
作者: 斐雅尔 著 ;全如瑡 译
分册:  
出版信息: 北京   人民音乐出版社  1992
页数: 43页
开本: 31cm
丛书名:
单 册:
中图分类: J657.23(565) , J657.241
科图分类:
主题词: 大提琴--练习曲--法国
电子资源:
ISBN: 7-103-01026-9
000 01188nam0 2200277 450
000 01196nam0 2200277 450
000 01121nam0 2200253 450
000 01084nam0 2200241 45
005 20070529103301.51
010    @a7-103-01026-9@dCNY10.80
100    @a20051101e1992 ekmy0chiy0120 ea
101 1  @achi@cfre
102    @aCN@b110000
105    @ag z 000yy
200 1  @a大提琴每日练习@ADa Ti Qin Mei Ri Lian Xi@f(法)路易·罗·斐雅尔著@F( Fa ) Lu Yi· Luo· Fei Ya Er Zhu@g全如瑡译
210    @a北京@c人民音乐出版社@d1992@h2003重印
215    @a43页@c乐谱@d31cm
330    @a斐雅尔多年从事大提琴教学,积累了丰富德教学经验。在这本《每日练习》中,作者将各种音阶、琶音、和弦在各个把位上作了周密、系统的编排,使学生通过练习获得扎实的基本功和熟练的技巧。本书是一本不可多得的好教材,受到世界各国大提琴演奏家和教育家的高度推崇,并在教学中广泛采用。
512 1  @a斐雅尔大提琴每日练习@AFei Ya Er Da Ti Qin Mei Ri Lian Xi
606 0  @a大提琴@x练习曲@y法国
690    @aJ657.23(565)@v4
690    @aJ657.241@v3
701  1 @a斐雅尔@AFei Ya Er@b路易·罗@g(Feuillard, Louis R.)@4著
702  0 @a全如瑡@AQuan Ru Shi@4译
801  0 @aCN@bFYSX@c20070529
905    @a10447@dJ657.241@e380
    
    大提琴每日练习/(法)路易·罗·斐雅尔著/全如瑡译.-北京:人民音乐出版社,1992(2003重印)
    43页:乐谱;31cm
    
    
    ISBN 7-103-01026-9:CNY10.80
    斐雅尔多年从事大提琴教学,积累了丰富德教学经验。在这本《每日练习》中,作者将各种音阶、琶音、和弦在各个把位上作了周密、系统的编排,使学生通过练习获得扎实的基本功和熟练的技巧。本书是一本不可多得的好教材,受到世界各国大提琴演奏家和教育家的高度推崇,并在教学中广泛采用。
●
相关链接 在E读中查询图书 在五车中查询图书 在当当中查询图书 在豆瓣中查询图书


正题名:大提琴每日练习     索取号:J657.241/380         预约/预借

序号 登录号 条形码 馆藏地/架位号 状态 备注
1 0511186   205111868   第一样本阅览室/ [索取号:J657.241/380] 在馆    
2 0511187   205111877   第一借阅区/ [索取号:J657.241/380] 在馆    
3 0511188   205111886   第一借阅区/ [索取号:J657.241/380] 在馆    
4 0511189   205111895   第一借阅区/ [索取号:J657.241/380] 在馆    
5 0511190   205111902   第一借阅区/ [索取号:J657.241/380] 在馆    
唐山师范学院图书馆 欢迎您!
大连网信软件有限公司© 版权所有